[Event "Mittelfrankenliga-B2b 0607"]
[Site "Mittelfranken"]
[Date "2007.03.25"]
[Round "8.3"]
[White "Huger, Horst"]
[Black "Diebel, Guenther"]
[Result "1/2-1/2"]
[WhiteElo "1831"]
[BlackElo "1701"]
[PlyCount "75"]
[EventDate "2006.10.22"]
[EventType "team-tourn"]
[EventRounds "9"]
[EventCountry "GER"]
[SourceTitle "EXT 2011"]
[Source "ChessBase"]
[SourceDate "2010.11.26"]
[SourceVersion "1"]
[SourceVersionDate "2010.11.26"]
[SourceQuality "1"]
[WhiteTeam "Nuernberg SK 1911 II"]
[BlackTeam "Buechenbach/Roth II"]
[WhiteTeamCountry "GER"]
[BlackTeamCountry "GER"]

1. e4 d5 2. exd5 Qxd5 3. Nc3 Qa5 4. d4 Nf6 5. Bd2 Qb6 6. Nf3 Bg4 7. Be2 Nbd7 8. 0-0 c6 9. Be3 Nd5 10. Nxd5 cxd5 11. c4 Bxf3 12. Bxf3 dxc4 13. Qa4 e6 14. d5 Qc7 15. dxe6 fxe6 16. Rac1 Qe5 17. Rxc4 b5 18. Re4 bxa4 19. Rxe5 Nxe5 20. Bxa8 Nc4 21. Bd4 Bd6 22. Bc6+ Kf7 23. Bxa4 Rd8 24. Bb3 Nd2 25. Rc1 Nxb3 26. axb3 Bxh2+ 27. Kxh2 Rxd4 28. Rc7+ Kf6 29. Rxa7 Rd2 30. f3 Rxb2 31. Rb7 g5 32. Kh3 h5 33. Rb5 Rb1 34. b4 Rb3 35. Kg3 Rb2 36. Rb8 g4 37. b5 gxf3 38. gxf3 1/2-1/2

[Event "Mittelfrankenliga-B2b 0607"]
[Site "Mittelfranken"]
[Date "2006.10.22"]
[Round "1.5"]
[White "Huger, Horst"]
[Black "Mueller, Rudolf2222"]
[Result "1-0"]
[WhiteElo "1831"]
[BlackElo "1837"]
[PlyCount "75"]
[EventDate "2006.10.22"]
[EventType "team-tourn"]
[EventRounds "9"]
[EventCountry "GER"]
[SourceTitle "EXT 2011"]
[Source "ChessBase"]
[SourceDate "2010.11.26"]
[SourceVersion "1"]
[SourceVersionDate "2010.11.26"]
[SourceQuality "1"]
[WhiteTeam "Nuernberg SK 1911 II"]
[BlackTeam "Postbauer II"]
[WhiteTeamCountry "GER"]
[BlackTeamCountry "GER"]

1. e4 c5 2. Nf3 d6 3. d4 cxd4 4. Nxd4 Nc6 5. Nc3 Nf6 6. Bg5 h6 7. Bxf6 gxf6 8. Bc4 e6 9. Nde2 a6 10. a4 Qa5 11. Nf4 h5 12. Qe2 Bd7 13. 0-0 0-0-0 14. Qe3 Bh6 15. Nb5 Qb4 16. Qb6 Kb8 17. Qc7+ Ka8 18. Nd3 Qa5 19. Qxd6 Bf8 20. Qf4 Be7 21. c3 Rc8 22. b4 Qb6 23. Nd6 Bxd6 24. Qxd6 Qc7 25. Qxc7 Rxc7 26. Nc5 Bc8 27. Rfd1 Ka7 28. a5 Ne5 29. Be2 h4 30. Rd6 Rg8 31. Rad1 f5 32. exf5 exf5 33. Rd8 Rg7 34. Na4 f4 35. Nb6 Kb8 36. R1d5 f6 37. Rc5 f3 38. Rxc8+ 1-0